00774nam a2200169 a 4500003000400000005001700004008004100021040002400062041000800086082001800094111003600112245030700148260005400455300001000509518005800519653002700577OSt20131010145737.0131010s2003 ag ||||| |||| 10| 0 spa d cBiblioteca Medicina aspa bCONGRESOS 0132 aAsociacion Argentina de Cirugia00a74º Congreso Argentino de Cirugia, 47º Congreso Argentino de Cirugia Toracica, 28º Congreso Argentino de Coloproctologia, 30º Jornadas Argentinas de Angiologia y Cirugia Cardiovascular, 4º Jornadas Nacionales de Medicos Residentes de Cirugia General, 11º Congreso Sudamericano de Cirugia Toracica aBuenos AiresbSociedad Argentina de Cirugiac2003 a26 p. aBuenos Aires, Argentina. 9 al 12 de Noviembre de 2003 aCIRUGIA-CONGRESOS-2003